[Event "Bohumin op-B 7th"]
[Site "Bohumin"]
[Date "2024.07.05"]
[Round "8"]
[White "Skorupa, Tobias"]
[Black "Repak, Jan"]
[Result "0-1"]
[WhiteElo "1676"]
[BlackElo "1830"]
[PlyCount "86"]
[EventDate "2024.06.29"]
[EventType "swiss"]
[EventRounds "9"]
[EventCountry "CZE"]
[SourceTitle "CBM 221 Extra"]
[Source "ChessBase"]
[SourceDate "2024.09.30"]
[SourceVersion "1"]
[SourceVersionDate "2024.09.30"]
[SourceQuality "1"]

1. d4 g6 2. c4 Bg7 3. Nc3 c5 4. d5 Bxc3+ 5. bxc3 f5 6. Nf3 Qa5 7. Qc2 Nf6 8. g3 d6 9. Bg2 Nbd7 10. 0-0 Ne4 11. Re1 0-0 12. Bb2 Nb6 13. Nd2 Nxd2 14. Qxd2 Nxc4 15. Qc2 Nxb2 16. Qxb2 b5 17. Rad1 Bd7 18. f4 b4 19. cxb4 Qxb4 20. Qxb4 cxb4 21. e4 Kf7 22. e5 Ba4 23. Rd4 a5 24. a3 Rab8 25. Rb1 Bc2 26. Rb2 b3 27. Kf2 Rfc8 28. exd6 exd6 29. Bf3 Rc3 30. Bd1 Bxd1 31. Rxd1 Rbc8 32. Rdd2 a4 33. Ke2 Re8+ 34. Kf2 Rc1 35. Rd4 Ra8 36. Rb4 Ra1 37. Rb7+ Kf6 38. Ke3 Re8+ 39. Kd3 Ree1 40. Rb6 Ra2 41. Rxd6+ Ke7 42. Re6+ Rxe6 43. dxe6 Rxb2 0-1

[Event "Bohumin op-B 7th"]
[Site "Bohumin"]
[Date "2024.07.04"]
[Round "7"]
[White "Kucera, Simon"]
[Black "Skorupa, Tobias"]
[Result "1-0"]
[WhiteElo "1857"]
[BlackElo "1676"]
[PlyCount "93"]
[EventDate "2024.06.29"]
[EventType "swiss"]
[EventRounds "9"]
[EventCountry "CZE"]
[SourceTitle "CBM 221 Extra"]
[Source "ChessBase"]
[SourceDate "2024.09.30"]
[SourceVersion "1"]
[SourceVersionDate "2024.09.30"]
[SourceQuality "1"]

1. f4 d5 2. Nf3 Nf6 3. e3 e6 4. b3 Be7 5. Bb2 0-0 6. Be2 c5 7. 0-0 Nc6 8. Bb5 Qb6 9. Bxc6 bxc6 10. Qc1 Ba6 11. d3 Rfd8 12. c4 Rac8 13. Nc3 Qc7 14. Ne5 Nd7 15. Na4 f6 16. Nxd7 Qxd7 17. Ba3 Kf7 18. Bxc5 Rg8 19. Qa3 Rb8 20. Rac1 Bc8 21. Bxe7 Qxe7 22. Qxe7+ Kxe7 23. cxd5 exd5 24. Rxc6 Bb7 25. Rc7+ Kd6 26. Rfc1 Rgc8 27. Rxc8 Rxc8 28. Rxc8 Bxc8 29. Kf2 g5 30. fxg5 fxg5 31. Kf3 h5 32. h3 Bf5 33. e4 Be6 34. Ke3 dxe4 35. dxe4 Ke5 36. Nc5 Bc8 37. Nd3+ Kd6 38. Kd4 Ke6 39. b4 Kd6 40. a4 Bd7 41. b5 a6 42. Ne5 Be8 43. bxa6 Kc7 44. a5 Bb5 45. a7 Kb7 46. Nf7 Kxa7 47. Nxg5 1-0